[Event "Junior Online 4NCL Division 3"]
[Site "online"]
[Date "2021.11.11"]
[EventDate "2021.11.11"]
[Round "7.73"]
[White "Bradshaw, Sam"]
[WhiteElo "1257"]
[WhiteTeam "JHJ Shark Tank 7"]
[Black "Warren, Archie"]
[BlackElo "1462"]
[BlackTeam "Farnham Fantasticos A"]
[Result "0-1"]
[PlyCount "132"]

1. e4 c5 2. c4 Nc6 3. Nf3 g6 4. Nc3 Bg7 5. d3 e6 6. Ng5 Nge7 7. Qf3 O-O 8. Qh3 h6 9. Nf3 d5 10. Bxh6 dxe4 11. dxe4 b6 12. Ng5 f6 13. Nxe6 Bxh6 14. Qxh6 Bxe6 15. Bd3 Nd4 16. O-O Kf7 17. e5 Ke8 18. Nb5 Nxb5 19. cxb5 Qxd3 20. exf6 Rxf6 21. Rad1 Qxb5 22. Rfe1 Qc6 23. Qh8+ Rf8 24. Qe5 Rd8 25. Rxd8+ Kxd8 26. Rd1+ Ke8 27. h3 Bxa2 28. Re1 Qe6 29. Qb8+ Kf7 30. Qxf8+ Kxf8 31. Rxe6 Bxe6 32. Kh2 Kf7 33. Kg3 Kf6 34. Kf4 Nd5+ 35. Ke4 Nb4 36. f4 Bb3 37. g4 Bc2+ 38. Ke3 Ke6 39. h4 Nd5+ 40. Kd2 Ba4 41. h5 gxh5 42. gxh5 Nxf4 43. h6 Kf6 44. h7 Kg7 45. h8=Q+ Kxh8 46. Kc3 b5 47. Kd2 c4 48. Kc3 Bb3 49. Kb4 Nd3+ 50. Kc3 Nxb2 51. Kxb2 a5 52. Kc3 b4+ 53. Kb2 Bd1 54. Ka2 b3+ 55. Kb2 a4 56. Kb1 Bh5 57. Kb2 Kg7 58. Kc1 a3 59. Kb1 b2 60. Ka2 c3 61. Kb1 Bg6+ 62. Ka2 c2 63. Kxa3 b1=Q 64. Ka4 c1=Q 65. Ka5 Qc5+ 66. Ka6 Qbb6# 0-1

[Event "Junior Online 4NCL Division 3"]
[Site "online"]
[Date "2021.11.11"]
[EventDate "2021.11.11"]
[Round "7.74"]
[White "Amos, Alice"]
[WhiteElo "1431"]
[WhiteTeam "Farnham Fantasticos A"]
[Black "Patel, Taran"]
[BlackElo "1255"]
[BlackTeam "JHJ Shark Tank 7"]
[Result "1-0"]
[PlyCount "127"]

1. d4 e5 2. d5 c6 3. c4 Nf6 4. Nc3 Bb4 5. Bd2 cxd5 6. cxd5 Qa5 7. a3 Bxc3 8. Bxc3 Qxd5 9. Qxd5 Nxd5 10. Bxe5 f6 11. Bxb8 Rxb8 12. Rc1 O-O 13. Nf3 b6 14. e3 Re8 15. Bc4 Bb7 16. O-O Kh8 17. Rfd1 Ne7 18. Rxd7 Bxf3 19. gxf3 Rbc8 20. Rdd1 Ng6 21. Bd3 Rxc1 22. Rxc1 Ne5 23. Be2 g5 24. Kg2 h5 25. Rc7 Ra8 26. f4 gxf4 27. exf4 Ng6 28. Rc4 b5 29. Rb4 a5 30. Rxb5 Nxf4+ 31. Kf1 Rc8 32. Ke1 Rc1+ 33. Kd2 Nxe2 34. Kxe2 Rc2+ 35. Kf3 Kg7 36. Rxh5 Rxb2 37. Rxa5 Rb3+ 38. Kg2 Kg6 39. a4 f5 40. Rb5 Ra3 41. a5 f4 42. Rb4 Kg5 43. Rb5+ Kg4 44. h3+ Rxh3 45. a6 f3+ 46. Kg1 Rh5 47. Rxh5 Kxh5 48. a7 Kg4 49. a8=Q Kf4 50. Qf8+ Kg4 51. Kh2 Kh4 52. Qxf3 Kg5 53. Kh3 Kh6 54. Qg2 Kh5 55. Kg3 Kg5 56. Kf3+ Kf5 57. Qg4+ Ke5 58. Qe4+ Kf6 59. Kf4 Kf7 60. Qc6 Kg8 61. Kf5 Kf7 62. Qc7+ Kg8 63. Kg6 Kf8 64. Qf7# 1-0

[Event "Junior Online 4NCL Division 3"]
[Site "online"]
[Date "2021.11.11"]
[EventDate "2021.11.11"]
[Round "7.75"]
[White "Kammin, Samuel"]
[WhiteElo "1715"]
[WhiteTeam "Farnham Fantasticos A"]
[Black "Pipalia, Rishi"]
[BlackElo "1310"]
[BlackTeam "JHJ Shark Tank 7"]
[Result "1-0"]
[PlyCount "21"]

1. d4 Nf6 2. Nf3 g6 3. c4 d6 4. Nc3 Bg7 5. e4 Nbd7 6. Be2 c5 7. e5 dxe5 8. dxe5 Nh5 9. e6 fxe6 10. Ng5 Nhf6 11. Nxe6 1-0

[Event "Junior Online 4NCL Division 3"]
[Site "online"]
[Date "2021.11.11"]
[EventDate "2021.11.11"]
[Round "7.76"]
[White "Harb, Laith A"]
[WhiteElo "1294"]
[WhiteTeam "JHJ Shark Tank 7"]
[Black "Amos, Michael"]
[BlackElo "1690"]
[BlackTeam "Farnham Fantasticos A"]
[Result "1-0"]
[PlyCount "147"]

1. d4 Nf6 2. c4 Nc6 3. Nf3 d5 4. Nc3 dxc4 5. Bg5 Bf5 6. a3 e6 7. e3 Be7 8. Bxc4 Nd5 9. Bxe7 Ncxe7 10. Qd2 Nxc3 11. Qxc3 Be4 12. Be2 Nd5 13. Qd2 f6 14. Qd1 c6 15. O-O Qd6 16. Rc1 O-O 17. h3 f5 18. Qd2 f4 19. Rfd1 fxe3 20. fxe3 Qg3 21. Qe1 Qxe1+ 22. Rxe1 Nxe3 23. Rc3 Bxf3 24. Bxf3 Nd5 25. Bxd5 exd5 26. Rcc1 Rf4 27. Rcd1 Re4 28. Rxe4 dxe4 29. Re1 Re8 30. Kf2 Kf7 31. Ke3 Ke6 32. Kf4 Kd5 33. Ke3 b6 34. Rf1 g6 35. Rf7 c5 36. dxc5 bxc5 37. Rxa7 Rb8 38. Rd7+ Kc6 39. Rd2 Re8 40. Rd1 c4 41. Rd4 Rb8 42. Rxc4+ Kd5 43. Rc2 Rb3+ 44. Kf4 Kd4 45. Rd2+ Rd3 46. Re2 e3 47. Kf3 Rb3 48. a4 Kc4 49. Rxe3 Rxb2 50. Re2 Rb4 51. Re4+ Kb3 52. Rxb4+ Kxb4 53. Kf4 Kxa4 54. Kg5 Kb5 55. Kh6 Kc5 56. Kxh7 g5 57. Kh6 g4 58. hxg4 Kd6 59. g5 Ke7 60. g6 Kf8 61. Kh7 Ke7 62. g7 Kf6 63. g8=Q Kf5 64. Qg6+ Kf4 65. Qa6 Ke3 66. Kg6 Kf2 67. Kf5 Kg1 68. Ke4 Kh1 69. Qf1+ Kh2 70. Qf4+ Kxg2 71. Qf3+ Kg1 72. Qe2 Kh1 73. Kf3 Kg1 74. Qg2# 1-0

[Event "Junior Online 4NCL Division 3"]
[Site "online"]
[Date "2021.11.11"]
[EventDate "2021.11.11"]
[Round "7.77"]
[White "Warren, Archie"]
[WhiteElo "1462"]
[WhiteTeam "Farnham Fantasticos A"]
[Black "Bradshaw, Sam"]
[BlackElo "1257"]
[BlackTeam "JHJ Shark Tank 7"]
[Result "1-0"]
[PlyCount "37"]

1. d4 d5 2. Bf4 Bf5 3. c4 dxc4 4. Nc3 Nc6 5. e3 e6 6. Bxc4 Nb4 7. Qa4+ Nc6 8. Bb5 Qd6 9. Bxd6 Bxd6 10. Bxc6+ bxc6 11. Qxc6+ Kd8 12. Qxa8+ Kd7 13. Nf3 g6 14. Ne5+ Bxe5 15. dxe5 Ke7 16. Rd1 f6 17. Qd8+ Kf7 18. Rd7+ Ne7 19. Rxe7# 1-0

[Event "Junior Online 4NCL Division 3"]
[Site "online"]
[Date "2021.11.11"]
[EventDate "2021.11.11"]
[Round "7.78"]
[White "Patel, Taran"]
[WhiteElo "1255"]
[WhiteTeam "JHJ Shark Tank 7"]
[Black "Amos, Alice"]
[BlackElo "1431"]
[BlackTeam "Farnham Fantasticos A"]
[Result "1-0"]
[PlyCount "51"]

1. d4 Nf6 2. c4 g6 3. Nc3 Bg7 4. e4 d6 5. f4 O-O 6. Bd3 Bg4 7. Nf3 Nc6 8. h3 Bxf3 9. gxf3 Nxd4 10. Be3 Nc6 11. Rg1 e5 12. f5 Nd7 13. f4 exf4 14. Bxf4 Qh4+ 15. Bg3 Qd8 16. fxg6 fxg6 17. h4 Nde5 18. h5 Nxd3+ 19. Qxd3 Qe7 20. Nd5 Qd7 21. hxg6 hxg6 22. e5 Nxe5 23. Bxe5 dxe5 24. Qxg6 c6 25. Nf6+ Kh8 26. Qh7# 1-0

[Event "Junior Online 4NCL Division 3"]
[Site "online"]
[Date "2021.11.11"]
[EventDate "2021.11.11"]
[Round "7.81"]
[White "Sanger, Jake M"]
[WhiteElo "2343"]
[WhiteTeam "Lenzie Basilisks"]
[Black "Omoruyi, Jaden"]
[BlackElo "1613"]
[BlackTeam "Brentwood School B"]
[Result "1-0"]
[PlyCount "51"]

1. d4 e6 2. c4 d5 3. Nc3 Nf6 4. cxd5 Nxd5 5. e4 Nf6 6. Bg5 Be7 7. Nf3 h6 8. Bh4 c5 9. Bc4 cxd4 10. Nxd4 a6 11. e5 Nfd7 12. Bg3 b5 13. Bb3 Bb7 14. Bxe6 Nc5 15. Bh3 Nbd7 16. O-O Nb6 17. Nf5 g6 18. Nd6+ Bxd6 19. exd6 O-O 20. Qd4 Ne6 21. Bxe6 fxe6 22. Rfe1 Re8 23. Rad1 Nd5 24. Ne4 Rc8 25. Nc5 Qb6 26. d7 1-0

[Event "Junior Online 4NCL Division 3"]
[Site "online"]
[Date "2021.11.11"]
[EventDate "2021.11.11"]
[Round "7.82"]
[White "Mouratidis, Markos"]
[WhiteElo "1253"]
[WhiteTeam "Brentwood School B"]
[Black "Moroz, Michael"]
[BlackElo "1388"]
[BlackTeam "Lenzie Basilisks"]
[Result "1-0"]
[PlyCount "57"]

1. e4 e5 2. Nf3 Nc6 3. Bc4 Bc5 4. Nc3 Nf6 5. d3 h6 6. Be3 Bb6 7. O-O O-O 8. Qd2 Ng4 9. h3 Nxe3 10. fxe3 d6 11. Nd5 Be6 12. Nxb6 axb6 13. Bb3 Qd7 14. Kh2 Bxb3 15. axb3 f5 16. exf5 Qxf5 17. e4 Qh5 18. Qc3 Qf7 19. Kg1 Qg6 20. Qc4+ Kh8 21. Rxa8 Rxa8 22. Nh4 Qg5 23. Nf5 Rf8 24. Rf3 g6 25. Rg3 Qc1+ 26. Kh2 gxf5 27. Qe6 Kh7 28. Qg6+ Kh8 29. Qg7# 1-0

[Event "Junior Online 4NCL Division 3"]
[Site "online"]
[Date "2021.11.11"]
[EventDate "2021.11.11"]
[Round "7.83"]
[White "Marenduzzo, Ollie"]
[WhiteElo "968"]
[WhiteTeam "Lenzie Basilisks"]
[Black "Ferdhaus, Yahya"]
[BlackElo "1212"]
[BlackTeam "Brentwood School B"]
[Result "1-0"]
[PlyCount "69"]

1. e4 e5 2. d4 exd4 3. Nf3 Nc6 4. Nxd4 Nxd4 5. Qxd4 Nf6 6. e5 c5 7. Qc4 d5 8. Qb5+ Qd7 9. Qxd7+ Nxd7 10. Bf4 h6 11. Nc3 Be7 12. Nxd5 Nb6 13. Nc7+ Kf8 14. Nxa8 Nxa8 15. O-O-O Kg8 16. Bc4 Be6 17. Bxe6 fxe6 18. Rd7 Bf8 19. Rxb7 Kh7 20. Rb8 Nb6 21. Rd1 Be7 22. Rxh8+ Kxh8 23. Be3 Nd5 24. c4 Nb4 25. a3 Nc6 26. Rd7 Kh7 27. b4 cxb4 28. axb4 Bg5 29. Bxg5 hxg5 30. Rd6 Nxe5 31. c5 Kg8 32. Kc2 Kf7 33. Ra6 Kf6 34. Rxa7 Ng4 35. c6 1-0

[Event "Junior Online 4NCL Division 3"]
[Site "online"]
[Date "2021.11.11"]
[EventDate "2021.11.11"]
[Round "7.84"]
[White "Van Enckevort, Noah"]
[WhiteElo "995"]
[WhiteTeam "Brentwood School B"]
[Black "Lukhi, Neev"]
[BlackElo "1003"]
[BlackTeam "Lenzie Basilisks"]
[Result "0-1"]
[PlyCount "80"]

1. d4 Nf6 2. Nc3 d5 3. e4 dxe4 4. f3 exf3 5. Nxf3 e6 6. Bc4 Bb4 7. Qd3 Nc6 8. a3 Bxc3+ 9. Qxc3 O-O 10. O-O Qd6 11. g3 Nd5 12. Qd3 Nb6 13. Ng5 Qxd4+ 14. Rf2 Qxd3 15. Bxd3 h6 16. Nh7 Rd8 17. Bf4 e5 18. Be3 f5 19. Bxf5 Bxf5 20. Rxf5 Kxh7 21. Bxb6 cxb6 22. Raf1 e4 23. h4 e3 24. Re1 Nd4 25. Re5 Nf3+ 26. Kf1 Nxe5 27. Rxe3 Rf8+ 28. Ke2 Rae8 29. Kd2 Nc4+ 30. Kd3 Nxe3 31. c4 Nf5 32. h5 Re3+ 33. Kd2 Rd8+ 34. Kc2 Nd6 35. b3 Rf8 36. Kd2 Rxb3 37. Ke2 Rff3 38. Ke1 Ne4 39. Ke2 Rf2+ 40. Ke1 Rb1# 0-1

[Event "Junior Online 4NCL Division 3"]
[Site "online"]
[Date "2021.11.11"]
[EventDate "2021.11.11"]
[Round "7.85"]
[White "Omoruyi, Jaden"]
[WhiteElo "1613"]
[WhiteTeam "Brentwood School B"]
[Black "Sanger, Jake M"]
[BlackElo "2343"]
[BlackTeam "Lenzie Basilisks"]
[Result "0-1"]
[PlyCount "54"]

1. e4 c5 2. Nf3 Nc6 3. d4 cxd4 4. Nxd4 Nf6 5. Nc3 d6 6. Bc4 e6 7. O-O Be7 8. Nb3 O-O 9. Be3 Ne5 10. Be2 b6 11. f4 Ned7 12. Nd4 Bb7 13. Bf3 Rc8 14. Ndb5 Nc5 15. Nxa7 Ra8 16. Nab5 Ncxe4 17. Nxe4 Nxe4 18. Bxe4 Bxe4 19. Qd4 Bxc2 20. Rfc1 Bf6 21. Qb4 Ra4 22. Qxd6 Qxd6 23. Nxd6 Bxb2 24. Rxc2 Bxa1 25. Rc7 Rxa2 26. Bxb6 Rb8 27. Nxf7 Rxb6 0-1

[Event "Junior Online 4NCL Division 3"]
[Site "online"]
[Date "2021.11.11"]
[EventDate "2021.11.11"]
[Round "7.86"]
[White "Moroz, Michael"]
[WhiteElo "1388"]
[WhiteTeam "Lenzie Basilisks"]
[Black "Mouratidis, Markos"]
[BlackElo "1253"]
[BlackTeam "Brentwood School B"]
[Result "0-1"]
[PlyCount "124"]

1. e4 e5 2. Nf3 Nc6 3. d4 exd4 4. Nxd4 Bc5 5. Nxc6 bxc6 6. Nc3 d6 7. Bc4 Be6 8. Bb3 h6 9. O-O Nf6 10. Qf3 O-O 11. Qg3 Nh5 12. Qf3 Nf6 13. h3 Qd7 14. Rd1 Qe7 15. Ne2 Bxb3 16. axb3 Qxe4 17. Qxe4 Nxe4 18. Ra4 Nxf2 19. Rf1 Nxh3+ 20. Kh2 Ng5 21. Bxg5 hxg5 22. Rc4 f6 23. b4 Bb6 24. Rxc6 Kf7 25. Nc3 Rh8+ 26. Kg3 Rae8 27. Nd5 Re5 28. Nxb6 cxb6 29. Rxd6 Re4 30. Rd7+ Kg6 31. Rxa7 Rxb4 32. b3 Rc8 33. Rf2 Rc3+ 34. Kh2 g4 35. g3 Rb5 36. Ra4 f5 37. Raf4 Rbc5 38. b4 Rb5 39. Rd2 Kg5 40. Rd7 Rxc2+ 41. Kg1 g6 42. Rdd4 Re5 43. Kf1 Ree2 44. Rd6 Rh2 45. Kg1 Rhg2+ 46. Kh1 Rxg3 47. Rf1 Rb3 48. Rxb6 Rcb2 49. Re6 Rxb4 50. Ree1 Rd2 51. Rb1 Rbb2 52. Rxb2 Rxb2 53. Kg1 Kh4 54. Kh1 Rb4 55. Rf2 f4 56. Rh2+ Kg5 57. Rg2 f3 58. Rf2 Kf4 59. Rf1 g3 60. Kg1 g2 61. Kh2 gxf1=R 62. Kh3 Rh1# 0-1

[Event "Junior Online 4NCL Division 3"]
[Site "online"]
[Date "2021.11.11"]
[EventDate "2021.11.11"]
[Round "7.87"]
[White "Ferdhaus, Yahya"]
[WhiteElo "1212"]
[WhiteTeam "Brentwood School B"]
[Black "Marenduzzo, Ollie"]
[BlackElo "968"]
[BlackTeam "Lenzie Basilisks"]
[Result "0-1"]
[PlyCount "102"]

1. e4 d5 2. exd5 Nf6 3. Nf3 Qxd5 4. Nc3 Qa5 5. g3 Bg4 6. Bg2 Nc6 7. Ne2 Qf5 8. Nh4 Qe6 9. Nf3 O-O-O 10. O-O Bh3 11. Nf4 Qd7 12. Bxh3 e6 13. Ng5 Kb8 14. Nf3 Bd6 15. d3 h6 16. Ng2 g5 17. Ne3 Rdg8 18. Bg2 h5 19. Nc4 h4 20. Bxg5 Ng4 21. Bxh4 Be7 22. Bh3 Bxh4 23. Nxh4 Rxh4 24. Bxg4 Rhxg4 25. b4 Qe7 26. f4 Qh4 27. Rf2 Rh8 28. Kf1 Qh3+ 29. Ke1 Nd4 30. Ne5 Rg7 31. Qc1 Qh5 32. Qb2 Rd8 33. c3 Nc6 34. Nxc6+ bxc6 35. c4 Rh7 36. b5 cxb5 37. Qxb5+ Qxb5 38. cxb5 Rxd3 39. a4 Rh8 40. Rb1 Rhd8 41. Kf1 Ra3 42. h4 Rxg3 43. Rh2 Rf3+ 44. Rf2 Rh3 45. Kg2 Rxh4 46. Rc2 Rxf4 47. Rbc1 Rg8+ 48. Kh1 Rh4+ 49. Rh2 Rxa4 50. Rcc2 Ra1+ 51. Rc1 Rxc1# 0-1

[Event "Junior Online 4NCL Division 3"]
[Site "online"]
[Date "2021.11.11"]
[EventDate "2021.11.11"]
[Round "7.88"]
[White "Lukhi, Neev"]
[WhiteElo "1003"]
[WhiteTeam "Lenzie Basilisks"]
[Black "Van Enckevort, Noah"]
[BlackElo "995"]
[BlackTeam "Brentwood School B"]
[Result "1-0"]
[PlyCount "55"]

1. e4 d5 2. exd5 c6 3. dxc6 Nxc6 4. Nc3 Nf6 5. h3 e5 6. d3 Bf5 7. Nf3 e4 8. Qe2 Bc5 9. Bg5 O-O 10. dxe4 Nd4 11. Nxd4 Bxd4 12. O-O-O Bxc3 13. Rxd8 Raxd8 14. exf5 h6 15. bxc3 Rfe8 16. Qb5 Re1+ 17. Kb2 Rd5 18. Qxb7 hxg5 19. Bc4 Rdd1 20. Qxf7+ Kh7 21. Rxe1 Rxe1 22. Qxa7 Rg1 23. g3 g4 24. hxg4 Rg2 25. g5 Ng4 26. f6 Nxf6 27. gxf6 Rxf2 28. Qxg7# 1-0

[Event "Junior Online 4NCL Division 3"]
[Site "online"]
[Date "2021.11.11"]
[EventDate "2021.11.11"]
[Round "7.91"]
[White "Groot Wassink, Emma"]
[WhiteElo "1384"]
[WhiteTeam "JHJ Shark Tank 6"]
[Black "Bharat Kumar, Balahari"]
[BlackElo "1489"]
[BlackTeam "Desert Penguins Saturn"]
[Result "0-1"]
[PlyCount "66"]

1. e4 c5 2. Nf3 d6 3. d4 cxd4 4. Nxd4 Nf6 5. f3 a6 6. Be3 e6 7. Nc3 b5 8. Qd2 Bb7 9. O-O-O Nbd7 10. g4 Nb6 11. h4 Qc7 12. h5 Nfd7 13. g5 Ne5 14. f4 Nec4 15. Qd3 Nxe3 16. Qxe3 Rc8 17. Bd3 Nc4 18. Qe2 Be7 19. g6 Bf6 20. Nb3 Nxb2 21. Nb1 Nxd3+ 22. Qxd3 h6 23. gxf7+ Kxf7 24. Rh2 Rhd8 25. Rdd2 Qc4 26. Qxc4 bxc4 27. Na5 Bxe4 28. Rhe2 Bf5 29. Nb7 Rb8 30. Nxd8+ Rxd8 31. Na3 d5 32. c3 Bxc3 33. Rd1 Bg4 0-1

[Event "Junior Online 4NCL Division 3"]
[Site "online"]
[Date "2021.11.11"]
[EventDate "2021.11.11"]
[Round "7.92"]
[White "Longia-Zaidi, Ismail"]
[WhiteElo "1317"]
[WhiteTeam "Desert Penguins Saturn"]
[Black "Stehlin, Nathan"]
[BlackElo "1370"]
[BlackTeam "JHJ Shark Tank 6"]
[Result "0-1"]
[PlyCount "60"]

1. d4 d5 2. c4 Bf5 3. Nc3 e6 4. Nf3 dxc4 5. e3 Nc6 6. Bxc4 Nf6 7. O-O Bb4 8. a3 Bxc3 9. bxc3 Ne4 10. Bb2 O-O 11. Bd3 Qf6 12. Qc2 Ng5 13. Nxg5 Qxg5 14. Bxf5 exf5 15. Bc1 Qg4 16. Qd1 Qe4 17. Bb2 Rfe8 18. Qb1 Qg4 19. Qd3 Rad8 20. h3 Qg5 21. a4 Ne5 22. Qe2 Ng6 23. Ba3 f4 24. Bc1 h5 25. Qf3 Nh4 26. Qxb7 Rd5 27. g4 hxg4 28. Kh1 g3 29. exf4 g2+ 30. Kg1 Nf3# 0-1

[Event "Junior Online 4NCL Division 3"]
[Site "online"]
[Date "2021.11.11"]
[EventDate "2021.11.11"]
[Round "7.93"]
[White "Agbota, Fenu"]
[WhiteElo "1300"]
[WhiteTeam "JHJ Shark Tank 6"]
[Black "Dane, Antony"]
[BlackElo "1361"]
[BlackTeam "Desert Penguins Saturn"]
[Result "1-0"]
[PlyCount "155"]

1. e4 c5 2. Nf3 d6 3. Bc4 Nf6 4. c3 Nxe4 5. Qa4+ Bd7 6. Bxf7+ Kxf7 7. Qxe4 Nc6 8. Ng5+ Ke8 9. Nxh7 Qb6 10. Qg6+ Kd8 11. Nxf8 Rxf8 12. Qxg7 Kc7 13. Qg3 Rg8 14. Qf3 Raf8 15. Qe3 Rxg2 16. Rf1 Rxh2 17. Qg3 Rhh8 18. c4 Rhg8 19. Qe3 Rf6 20. Nc3 Re6 21. Nd5+ Kb8 22. Nxb6 Rxe3+ 23. dxe3 axb6 24. Bd2 Ne5 25. O-O-O Bg4 26. Rg1 Nd3+ 27. Kb1 Nxf2 28. Rdf1 Bf5+ 29. Ka1 Rxg1 30. Rxg1 Ne4 31. Bc3 Kc7 32. Rf1 Be6 33. Rf4 Nxc3 34. bxc3 Kc6 35. Kb2 Bd7 36. Kb3 e6 37. Rf6 e5 38. e4 Kc7 39. a3 Kc6 40. Kc2 Kc7 41. Kd3 Kc6 42. Rf8 Kc7 43. Ra8 Bc8 44. a4 Bd7 45. a5 bxa5 46. Rxa5 Bc6 47. Ke3 Bd7 48. Ra1 Be6 49. Kd3 Bd7 50. Rg1 Bc6 51. Rg7+ Kb6 52. Ke3 Ka6 53. Rg6 Kb6 54. Rxd6 Kc7 55. Re6 Bd7 56. Rxe5 Kd6 57. Rd5+ Kc6 58. Rg5 Be6 59. Rg6 Kd7 60. Rg5 b6 61. Kd3 Kd6 62. e5+ Kd7 63. Rg7+ Kc6 64. Ke4 Bxc4 65. Kf5 Bd5 66. e6 Bxe6+ 67. Kxe6 b5 68. Rg2 b4 69. c4 Kb6 70. Kd5 Ka5 71. Kxc5 Ka4 72. Rb2 b3 73. Rxb3 Kxb3 74. Kb5 Kc3 75. c5 Kd4 76. c6 Kd5 77. c7 Kd6 78. c8=Q 1-0

[Event "Junior Online 4NCL Division 3"]
[Site "online"]
[Date "2021.11.11"]
[EventDate "2021.11.11"]
[Round "7.94"]
[White "Mo, Alex"]
[WhiteElo "1304"]
[WhiteTeam "Desert Penguins Saturn"]
[Black "Nilim, Armaan"]
[BlackElo "1327"]
[BlackTeam "JHJ Shark Tank 6"]
[Result "0-1"]
[PlyCount "56"]

1. d4 d5 2. c4 e5 3. dxe5 d4 4. Nf3 Nc6 5. e3 Bc5 6. Be2 Nge7 7. O-O O-O 8. Nbd2 d3 9. Bxd3 Qxd3 10. b3 Qg6 11. a3 a6 12. b4 Ba7 13. Kh1 Bg4 14. Bb2 Rad8 15. Qc1 b5 16. c5 Qe6 17. h3 Bf5 18. Nb3 Qxb3 19. Bc3 Qe6 20. Rd1 Bxh3 21. Rxd8 Rxd8 22. Kg1 Bxg2 23. Kxg2 Qg4+ 24. Kf1 Qxf3 25. Qb2 Rd1+ 26. Rxd1 Qxd1+ 27. Kg2 Qd5+ 28. Kf1 Ng6 0-1

[Event "Junior Online 4NCL Division 3"]
[Site "online"]
[Date "2021.11.11"]
[EventDate "2021.11.11"]
[Round "7.95"]
[White "Bharat Kumar, Balahari"]
[WhiteElo "1489"]
[WhiteTeam "Desert Penguins Saturn"]
[Black "Groot Wassink, Emma"]
[BlackElo "1384"]
[BlackTeam "JHJ Shark Tank 6"]
[Result "1-0"]
[PlyCount "67"]

1. d4 Nf6 2. c4 g6 3. Nc3 Bg7 4. g3 d6 5. Bg2 O-O 6. Nf3 c5 7. O-O Bf5 8. Re1 Nc6 9. e4 Bg4 10. Be3 cxd4 11. Bxd4 Nxd4 12. Qxd4 Nd7 13. Qd2 Nc5 14. h3 Be6 15. Nd5 Bxd5 16. exd5 Nd7 17. Rac1 Rb8 18. b4 a6 19. c5 dxc5 20. bxc5 b6 21. d6 e6 22. c6 Rc8 23. cxd7 Qxd7 24. Rxc8 Rxc8 25. Ne5 Qd8 26. Nc6 Rxc6 27. Bxc6 Qc8 28. d7 Qd8 29. Rc1 Bf8 30. Bg2 Bc5 31. Rd1 Kg7 32. Qc3+ Kg8 33. Qf3 Kf8 34. Qa8 1-0

[Event "Junior Online 4NCL Division 3"]
[Site "online"]
[Date "2021.11.11"]
[EventDate "2021.11.11"]
[Round "7.96"]
[White "Stehlin, Nathan"]
[WhiteElo "1370"]
[WhiteTeam "JHJ Shark Tank 6"]
[Black "Longia-Zaidi, Ismail"]
[BlackElo "1317"]
[BlackTeam "Desert Penguins Saturn"]
[Result "1-0"]
[PlyCount "127"]

1. c4 e5 2. Nc3 Nc6 3. e3 f5 4. d4 e4 5. f3 Nf6 6. fxe4 fxe4 7. d5 Ne7 8. Qc2 d6 9. Nxe4 Bf5 10. Nxf6+ gxf6 11. Bd3 Bg6 12. Nf3 Qd7 13. Nh4 Qg4 14. g3 O-O-O 15. Nxg6 hxg6 16. Bd2 f5 17. Be2 Qh3 18. Bf3 g5 19. Bc3 Rh6 20. O-O-O g4 21. Bg2 Qh5 22. Bd2 Rh7 23. Kb1 Qf7 24. Qa4 a6 25. Qc2 Ng6 26. Rdf1 Rh5 27. h4 Bg7 28. Rf2 Rf8 29. Rhf1 Qd7 30. Bc3 Bh6 31. Bd2 Bg7 32. e4 f4 33. Bxf4 Bd4 34. Rd2 Bg7 35. Qd3 Nxf4 36. Rxf4 Rxf4 37. gxf4 Rxh4 38. Qg3 Rh8 39. Bf1 Qa4 40. Qxg4+ Kb8 41. Qxg7 Rh1 42. Qg8+ Ka7 43. Qg2 Rh8 44. b3 Qb4 45. Rd3 Qe1+ 46. Kc2 Qa1 47. Qf2+ Ka8 48. Qd4 Rh2+ 49. Rd2 Qxa2+ 50. Kc3 Qa1+ 51. Kb4 a5+ 52. Kb5 Qa3 53. Qc3 Qc5+ 54. Ka4 b5+ 55. Kxa5 Kb7 56. Qc2 Qa3+ 57. Kxb5 Qc5+ 58. Ka4 Qb6 59. Rxh2 Qc5 60. b4 Qa7+ 61. Kb3 Qe3+ 62. Bd3 Qxf4 63. Re2 Qe5 64. Qc3 1-0

[Event "Junior Online 4NCL Division 3"]
[Site "online"]
[Date "2021.11.11"]
[EventDate "2021.11.11"]
[Round "7.97"]
[White "Dane, Antony"]
[WhiteElo "1361"]
[WhiteTeam "Desert Penguins Saturn"]
[Black "Agbota, Fenu"]
[BlackElo "1300"]
[BlackTeam "JHJ Shark Tank 6"]
[Result "0-1"]
[PlyCount "122"]

1. d4 Nf6 2. c4 e5 3. dxe5 Ne4 4. Nf3 d6 5. exd6 Bxd6 6. e3 Nc6 7. a3 b6 8. Qc2 Nf6 9. Bd3 Bb7 10. O-O Ne5 11. Nxe5 Bxe5 12. Nd2 Ng4 13. h3 Nf6 14. Ne4 h6 15. Rd1 Qe7 16. Nxf6+ Qxf6 17. Be4 Bxe4 18. Qxe4 O-O 19. Rb1 Rad8 20. Re1 Rd7 21. b4 Rfd8 22. Qc2 c6 23. Bb2 Bxb2 24. Rxb2 a5 25. Rbb1 Rd2 26. Qe4 Qxf2+ 27. Kh2 Qf6 28. Rf1 Qd6+ 29. Kg1 Qc7 30. Qf3 Rc2 31. bxa5 bxa5 32. Rbc1 Ra2 33. Ra1 Rdd2 34. Rxa2 Rxa2 35. Qe4 Qd7 36. Qf3 Rxa3 37. Qe4 Rd3 38. Qf4 Rb3 39. c5 Rb5 40. e4 a4 41. Rc1 a3 42. Qf1 a2 43. Ra1 Qb7 44. Rxa2 Rb1 45. Ra1 Rxf1+ 46. Rxf1 Qb5 47. e5 Qxc5+ 48. Rf2 Qxe5 49. Rd2 Qe3+ 50. Rf2 c5 51. Kf1 c4 52. Re2 Qf4+ 53. Rf2 Qc7 54. Rc2 c3 55. Ke2 Qc4+ 56. Ke3 Kf8 57. g4 Ke7 58. Kf2 Qd4+ 59. Ke2 Kd6 60. Ra2 Qc4+ 61. Kd1 Qxa2 0-1

[Event "Junior Online 4NCL Division 3"]
[Site "online"]
[Date "2021.11.11"]
[EventDate "2021.11.11"]
[Round "7.98"]
[White "Nilim, Armaan"]
[WhiteElo "1327"]
[WhiteTeam "JHJ Shark Tank 6"]
[Black "Mo, Alex"]
[BlackElo "1304"]
[BlackTeam "Desert Penguins Saturn"]
[Result "1-0"]
[PlyCount "57"]

1. d4 d5 2. Nc3 Nf6 3. Bf4 e6 4. e3 Nbd7 5. Nf3 Be7 6. Nb5 O-O 7. Nxc7 Rb8 8. Nb5 Ra8 9. Bd3 b6 10. O-O Ne8 11. Nc3 Ndf6 12. e4 dxe4 13. Nxe4 Nd5 14. Bg3 Nef6 15. Nc3 Bb7 16. Re1 Nxc3 17. bxc3 Rc8 18. c4 Bb4 19. Rf1 Qd7 20. Ne5 Qe7 21. Ng4 Rfd8 22. Bf4 Rxd4 23. Bxh7+ Nxh7 24. Qxd4 Rd8 25. Qe3 Bc5 26. Qg3 Nf6 27. Bg5 Qd7 28. Nxf6+ gxf6 29. Bh6+ 1-0

[Event "Junior Online 4NCL Division 3"]
[Site "online"]
[Date "2021.11.11"]
[EventDate "2021.11.11"]
[Round "7.101"]
[White "Zhou, Richard"]
[WhiteElo "1300"]
[WhiteTeam "Edgware Gambits D"]
[Black "Biswas, Snigdha"]
[BlackElo "548"]
[BlackTeam "East Kilbride Rooks"]
[Result "1-0"]
[PlyCount "75"]

1. d4 Nf6 2. c4 d5 3. Nc3 e6 4. Bg5 Bb4 5. Qb3 Bxc3+ 6. Qxc3 Nc6 7. Nf3 h6 8. Bh4 g5 9. Bg3 Ne4 10. Qc2 Qd7 11. cxd5 exd5 12. O-O-O Qe7 13. e3 Bf5 14. Qa4 Nxg3 15. hxg3 Be4 16. Ne5 h5 17. Nxc6 bxc6 18. Qxc6+ Kf8 19. Qxa8+ Qe8 20. Qxe8+ Kxe8 21. Bb5+ Kf8 22. g4 Bxg2 23. Rxh5 Rxh5 24. gxh5 Bf3 25. Rg1 Bxh5 26. Rxg5 Bg6 27. Rxd5 Be4 28. Rd7 a5 29. Rxc7 a4 30. Bxa4 f5 31. b4 Bd5 32. Bc6 Bxa2 33. b5 Be6 34. b6 Kg8 35. b7 Kh8 36. b8=Q+ Bg8 37. Bd5 f4 38. Qxg8# 1-0

[Event "Junior Online 4NCL Division 3"]
[Site "online"]
[Date "2021.11.11"]
[EventDate "2021.11.11"]
[Round "7.102"]
[White "Narasimhan, Srivathsan"]
[WhiteElo "501"]
[WhiteTeam "East Kilbride Rooks"]
[Black "Jowell, Leo"]
[BlackElo "1291"]
[BlackTeam "Edgware Gambits D"]
[Result "0-1"]
[PlyCount "38"]

1. e4 c5 2. Nf3 g6 3. d4 cxd4 4. Nxd4 Bg7 5. Be3 Nc6 6. Bc4 Nf6 7. Nc3 O-O 8. O-O Nxe4 9. Nxe4 d5 10. c3 dxc4 11. Qe2 Qd5 12. Rad1 Qxe4 13. Nf3 Bg4 14. b4 Ne5 15. Rd4 Qf5 16. h3 Nxf3+ 17. gxf3 Bxf3 18. Qxc4 Qxh3 19. Rg4 Qh1# 0-1

[Event "Junior Online 4NCL Division 3"]
[Site "online"]
[Date "2021.11.11"]
[EventDate "2021.11.11"]
[Round "7.103"]
[White "Srinivasan, Gowri"]
[WhiteElo "1205"]
[WhiteTeam "Edgware Gambits D"]
[Black "Vinodh, Sampriti"]
[BlackElo "336"]
[BlackTeam "East Kilbride Rooks"]
[Result "1/2-1/2"]
[PlyCount "79"]

1. d4 d5 2. Nf3 Nf6 3. Nc3 Nc6 4. Bf4 Bf5 5. e3 e6 6. Bb5 a6 7. Bxc6+ bxc6 8. Qd2 Bb4 9. O-O-O Ne4 10. Qe1 Nxc3 11. bxc3 Ba3+ 12. Kd2 Qd7 13. Qe2 O-O 14. Ke1 a5 15. Kf1 Rab8 16. g3 Bd6 17. Bxd6 cxd6 18. Kg2 Qe7 19. Rhe1 Qf6 20. e4 dxe4 21. Nh4 Qg5 22. Nxf5 Qxf5 23. c4 c5 24. dxc5 dxc5 25. Qxe4 Qf6 26. Qg4 Rbd8 27. Rb1 Rd4 28. Qe2 Qf5 29. c3 Rd3 30. Rec1 Rfd8 31. Rd1 h6 32. Rxd3 Rxd3 33. Qc2 Qf3+ 34. Kh3 Qf5+ 35. Kg2 Qe4+ 36. Kf1 Qf3 37. Ke1 Qe4+ 38. Kf1 Qh1+ 39. Ke2 Qe4+ 40. Kf1 1/2-1/2